Θεωρίες λογοτεχνίας του εικοστού αιώνα : δομισμός, Μαρξισμός, αισθητική της πρόσληψης, σημειωτική
Αποθηκεύτηκε σε:
| Κύριος συγγραφέας: | |
|---|---|
| Άλλοι συγγραφείς: | , , |
| Μορφή: | Βιβλίο |
| Γλώσσα: | Greek English |
| Δημοσίευση: |
[Αθήνα] :
Πατάκης,
2004.
|
| Έκδοση: | 7η έκδ. |
| Σειρά: | Θεωρία της λογοτεχνίας (Πατάκης)
; 1 |
| Θέματα: | |
| Ετικέτες: |
Προσθήκη ετικέτας
Δεν υπάρχουν, Καταχωρήστε ετικέτα πρώτοι!
|
MARC
| LEADER | 00000cam a2200000 i 4500 | ||
|---|---|---|---|
| 001 | 1/37319 | ||
| 008 | 061109s2004 gr | ||| |||| ||gre|| | ||
| 020 | |a 960600337X | ||
| 035 | |l 10086058 | ||
| 040 | |a GR-MyUa |b gre |e AACR2 | ||
| 041 | 1 | |a gre |h eng | |
| 082 | 7 | |a 801.950904 |2 (22) | |
| 100 | 1 | |a Fokkema, Douwe Wessel, |d 1931-2011. | |
| 245 | 1 | 0 | |a Θεωρίες λογοτεχνίας του εικοστού αιώνα : |b δομισμός, Μαρξισμός, αισθητική της πρόσληψης, σημειωτική / |c Douwe Fokkema, Elrud Ibsch ; μετάφραση: Γιάννης Παρίσης, επιμέλεια: Ερατοσθένης Γ. Καψωμένος. |
| 250 | |a 7η έκδ. | ||
| 260 | |a [Αθήνα] : |b Πατάκης, |c 2004. | ||
| 300 | |a 320 σ. ; |c 21 εκ. | ||
| 490 | 1 | |a (Θεωρία της λογοτεχνίας / Πατάκης ; |v 1) | |
| 504 | |a Βιβλιογραφία: σ. [290]-314 και ευρετήριο. | ||
| 650 | 0 | |a Literature |x History and criticism |x Theory, etc. | |
| 700 | 1 | |a Ibsch, Elrud. | |
| 700 | 1 | |a Παρίσης, Γιάννης Ν. |e trl | |
| 700 | 1 | |a Καψωμένος, Ερατοσθένης Γ. |e edt | |
| 765 | 0 | 8 | |i Μετάφραση του: |t Theories of literature in the twentieth century : |
| 830 | 0 | |a Θεωρία της λογοτεχνίας (Πατάκης) |v ; 1 | |
| 852 | |a INST |b RHODES |e 20061109 |h 801.950904 FOK |p 005400023964 |q 005400023964 |t BK |y 0 | ||
| 901 | |a BIBL4-2006-3 | ||
| 920 | |a ΚΕΝΤΡΙΚΗ ΔΡΑΣΗ ΦΥΛΟΥ |b ΕΠΕΑΕΚ ΙΙ-ΤΕΠΑΕΣ |y Ρόδος |z 2006-10 | ||
| 970 | |a Κόζα |b Μαρία |z 2006/11/09 | ||